000 00645nam a2200205 a 4500
001 000029034
005 20250217092805.0
008 110413s2008 dr 000 0 spa d
040 _aDO-SdBNP
_bspa
_cBNPHU
082 _axxx
_bJ91t
100 1 _aJuanes, Benigno
_d1916-2009
_9442
245 1 0 _aTu rostro buscaré, Señor :
_b(Hallar a Dios y orar en todo momento) /
_cBenigno Juanes.
260 _aSanto Domingo :
_bAmigo del hogar,
_c2008.
300 _a254 p. ;
_c21 cm.
490 1 _aSenda
490 1 _aGuiones para una vida en Cristo
_v10
830 0 _aSenda
_912405
830 0 _aGuiones para una vida en Cristo
_v10
_9446
049 _aBNPD
999 _c28526
_d28526